Statistics for Puerto Rico Geography Quiz

Click here to take the quiz!

General Stats

  • This quiz has been taken 321 times
    (285 since last reset)
  • The average score is 11 of 20

Answer Stats

QuestionAnswer% Correct
What is its capital and most populated city?San Juan
99%
City IslandsCulebra
79%
What is the currency used on the island?US Dollar
79%
What are the names of the two municipal islands?Vieques
78%
What is the name of it's national rainforest?El Yunque
77%
What was the name of the indigenous tribe that lived on the island?Taíno
76%
What kind of frog is native to Puerto Rico?Coquí
75%
What is its literal translation in English?Rich Port
70%
Up until the 1940s, Puerto Rico was a major producer of which crop?Sugar
66%
Puerto Rico belongs to which Archiepelago?The Greater {Antilles}
65%
What was the name given by the indigenous tribe that lived on the island?Borikén
63%
What is the most busiest airport in Puerto Rico?Luis Muñoz Marín
56%
What is its biggest municipality by area?Arecibo
48%
What is the national tree and the name of an eastern municipality?Ceiba
43%
In which municipality is a dry forest located?Guanica
39%
What is its mallest municipality by area?Cataño
37%
Who founded Caparra?Juan Ponce de Leon
32%
What is its highest point?Cerro Punta
22%
What is its national bird?Reinita
12%
What is its biggest river?Rio la Plata
10%

Score Distribution

Percentile by Number Answered

Percent of People with Each Score

Your Score History

You have not taken this quiz since the last reset